Score 0/32 Timer 04:00
0 Plays Today
Clue 5-Letter Word % Correct
* Blood-pumping organ *HEART
99.8%
* Bust, shatter *BREAK
88.9%
Perceives soundHEARS
88.8%
WeepsCRIES
88.6%
Baker's productBREAD
88.4%
* Nice lodging for vacation *HOTEL
85.7%
Cheap lodging on the roadMOTEL
84.9%
Small riverCREEK
84.8%
Noise a rusty hinge makesCREAK
83.8%
Ill-mannered childrenBRATS
81.8%
Certain French cheesesBRIES
79.9%
Carries a loadBEARS
77.6%
Runway walkerMODEL
77.6%
Some First NationsCREES
75.6%
ThrashesBEATS
74.1%
Spelunking sitesCAVES
72.2%
Clue 5-Letter Word % Correct
Sheltered baysCOVES
71.9%
Roof overhangsEAVES
71.3%
Styles, methodsMODES
71.2%
Scottish hillsidesBRAES
71.1%
Legolas and GaladrielELVES
70.2%
Have progenyBREED
69.2%
Cryptographer's specialtyCODES
69%
Singer who dwelt at
[ * three top rungs * ]
ELVIS
67.2%
Float in the airHOVER
64.7%
LidCOVER
63.7%
Rock-n-roll coiner AlanFREED
62.6%
At greater libertyFREER
61%
Squalid hutHOVEL
60.3%
Area by the front doorFOYER
57.8%
Short-order cookFRYER
55.3%
More demureCOYER
50.7%

Today's Daily Dose

Remove Ads.
Support Sporcle.
Get the best of Sporcle when you Go Orange. This ad-free experience offers more features, more stats, and more fun while also helping to support Sporcle. Thank you for becoming a member.

You're not logged in!

Compare scores with friends on all Sporcle quizzes.
OR
Log In

Show Comments

Extras

Top Quizzes Today


Score Distribution

Your Account Isn't Verified!

In order to create a playlist on Sporcle, you need to verify the email address you used during registration. Go to your Sporcle Settings to finish the process.

Report this User

Report this user for behavior that violates our Community Guidelines.

Details: